<?xml version="1.0" encoding="UTF-8"?><?xml-stylesheet type="text/xsl" href="static/style.xsl"?><OAI-PMH xmlns="http://www.openarchives.org/OAI/2.0/" xmlns:xsi="http://www.w3.org/2001/XMLSchema-instance" xsi:schemaLocation="http://www.openarchives.org/OAI/2.0/ http://www.openarchives.org/OAI/2.0/OAI-PMH.xsd"><responseDate>2026-04-27T12:51:30Z</responseDate><request verb="GetRecord" identifier="oai:uvadoc.uva.es:10324/3982" metadataPrefix="marc">https://uvadoc.uva.es/oai/request</request><GetRecord><record><header><identifier>oai:uvadoc.uva.es:10324/3982</identifier><datestamp>2021-06-29T09:39:25Z</datestamp><setSpec>com_10324_38</setSpec><setSpec>col_10324_852</setSpec></header><metadata><record xmlns="http://www.loc.gov/MARC21/slim" xmlns:doc="http://www.lyncode.com/xoai" xmlns:xsi="http://www.w3.org/2001/XMLSchema-instance" xmlns:dcterms="http://purl.org/dc/terms/" xsi:schemaLocation="http://www.loc.gov/MARC21/slim http://www.loc.gov/standards/marcxml/schema/MARC21slim.xsd">
<leader>00925njm 22002777a 4500</leader>
<datafield tag="042" ind1=" " ind2=" ">
<subfield code="a">dc</subfield>
</datafield>
<datafield tag="720" ind1=" " ind2=" ">
<subfield code="a">Martínez Villar, Elia María</subfield>
<subfield code="e">author</subfield>
</datafield>
<datafield tag="260" ind1=" " ind2=" ">
<subfield code="c">2013</subfield>
</datafield>
<datafield tag="520" ind1=" " ind2=" ">
<subfield code="a">Se resumen los aspectos más importantes relacionados con la experiencia de&#xd;
aula: “Descubriendo la Geometría en Educación Infantil” con niños de 3-4 años en un&#xd;
colegio de Valladolid.Este documento ha sido organizado en cuatro capítulos:&#xd;
En el primero, se exponen los motivos por los que se ha elegido este tema. Se&#xd;
muestran las competencias que se pretenden desarrollar con el presente Trabajo, así&#xd;
como los objetivos que se pretenden alcanzar con la práctica educativa.&#xd;
En el segundo, se muestra un breve marco teórico que ayudará a comprender mejor&#xd;
el desarrollo de la propuesta metodológica, así como, la importancia de las matemáticas&#xd;
y, en concreto, de la geometría en la etapa de Educación Infantil.&#xd;
En el tercer capítulo, se desarrollará la intervención en el aula. Explicaremos las&#xd;
actividades realizadas, observaciones, metodología y evaluación. Además, se darán&#xd;
otras posibles propuestas que se podrían llevar a cabo en otra ocasión.&#xd;
Por último, se hará una reflexión final en la que, partiendo de los objetivos y las&#xd;
competencias que se proponían al comienzo, se comprueba si se han conseguido y de&#xd;
qué manera, con una actitud autocrítica.</subfield>
</datafield>
<datafield tag="024" ind2=" " ind1="8">
<subfield code="a">http://uvadoc.uva.es/handle/10324/3982</subfield>
</datafield>
<datafield ind1=" " ind2=" " tag="653">
<subfield code="a">Geometría - Estudio y enseñanza (Educación infantil)</subfield>
</datafield>
<datafield tag="245" ind1="0" ind2="0">
<subfield code="a">Descubriendo la geometría en Educación Infantil</subfield>
</datafield>
</record></metadata></record></GetRecord></OAI-PMH>